Loading...
| History - European | 2 | 2 | 2 | 0 | 40 | 41 | 86.25 | 1 | 2 | 13.35 | 23.63 |
| Fine Arts - Other Arts | 0 | 3 | 0 | 1 | 30 | 108 | 140.00 | 0 | 0 | 2.32 | 9.76 |
| History - American | 1 | 1 | 0 | 0 | 25 | 37 | 77.00 | 0 | 1 | 7.93 | 12.27 |
| Literature - European | 0 | 2 | 0 | 0 | 20 | 92 | 126.00 | 0 | 1 | 2.65 | 7.18 |
| Modern World | 0 | 2 | 0 | 0 | 20 | 89 | 106.50 | 0 | 0 | 8.09 | 16.03 |
| Geography | 1 | 0 | 0 | 0 | 15 | 70 | 70.00 | 0 | 1 | 18.38 | 30.77 |
| Other Academic | 1 | 0 | 0 | 0 | 15 | 62 | 62.00 | 1 | 1 | 9.59 | 16.67 |
| Fine Arts - Painting and Sculpture | 0 | 1 | 0 | 1 | 10 | 160 | 160.00 | 0 | 0 | 0.05 | 1.10 |
| Other Culture | 0 | 1 | 0 | 1 | 10 | 158 | 158.00 | 0 | 0 | 0.16 | 2.08 |
| History - World | 0 | 1 | 0 | 0 | 10 | 140 | 140.00 | 0 | 0 | 0.21 | 1.78 |
| Philosophy | 0 | 1 | 0 | 0 | 10 | 128 | 128.00 | 0 | 0 | 0.56 | 5.13 |
| Religion | 0 | 1 | 0 | 0 | 10 | 127 | 127.00 | 0 | 0 | 0.46 | 4.10 |
| Other Science (Computer Science) | 0 | 1 | 0 | 0 | 10 | 80 | 80.00 | 0 | 0 | 11.83 | 24.44 |
| History - Other | 0 | 0 | 0 | 0 | 0 | 0.00 | 0 | 0 | 0.00 | 0.00 | |
| Science - Biology | 0 | 0 | 0 | 0 | 0 | 0.00 | 0 | 0 | 0.00 | 0.00 |